| 000 | 00824nam a2200229 a 4500 | ||
|---|---|---|---|
| 001 | 000043757 | ||
| 005 | 20260217122010.0 | ||
| 008 | 140422s2013 dr r 000 0 spa d | ||
| 020 | _a9789993444978 | ||
| 040 |
_aDO-SdBNP _bspa _cBNPHU |
||
| 082 |
_a364.3 _bM938s |
||
| 100 | 1 |
_aMoya Vásquez, José Antonio _971588 |
|
| 245 | 1 | 0 |
_aSoluciones a la delincuencia y la convivencia pacífica / _cJosé Antonio Moya Vásquez ; prólogo Santiago H. Van Der Linde Borges. |
| 260 |
_aSanto Domingo : _bDalis, _c2013. |
||
| 300 |
_a272 p. ; _c24 cm. |
||
| 590 | _aInventariado, 2018/BT | ||
| 650 | 0 |
_aDelincuencia _zRepública Dominicana _971589 |
|
| 650 | 0 |
_aDelincuencia juvenil _91711 |
|
| 650 | 0 |
_aViolencia _91750 |
|
| 700 | 1 | 2 |
_aLinde Borges, Santiago H. Van Der, _epról . _971590 |
| 910 | _aValidado. Control de calidad. MFF | ||
| 999 |
_c43246 _d43246 |
||